header

Seeing red (Record no. 57888)

MARC details
000 -LEADER
fixed length control field 01330nam a2200301 a 4500
100 1# - MAIN ENTRY--AUTHOR NAME
Personal name Simmonds, Jennifer.
245 10 - TITLE STATEMENT
Title Seeing red
260 ## - PUBLICATION, DISTRIBUTION, ETC. (IMPRINT)
Place of publication Gabriola Island, B.C. :
Name of publisher New Society Publishers,
Year of publication 2003.
300 ## - PHYSICAL DESCRIPTION
Number of Pages 79 p. :
Other physical details ill., port.
650 #0 - SUBJECT ADDED ENTRY--TOPICAL TERM
Topical Term Anger in children
Topical Term Conflict management
Topical Term Interpersonal relations in children
856 40 - ELECTRONIC LOCATION AND ACCESS
Uniform Resource Identifier http://site.ebrary.com/lib/rucke/Doc?id=10314699

No items available.

© 2026 Rongo University
Contact us: librarian | system librarian | Rongo university